000 00536cam a2200205ua 4500
001 8066
005 20260515114306.0
008 150108n ii |||gr||||Z||||||hin
040 _cMAIN
041 _ahin
082 _a891.43
100 _aSingh, V.,
_eAuthor.
245 1 _aHindi sahitya ka samikhyatmak itihas :
_bAdhunik kal /
_cBy Vasudev Singh .
250 _a1st.
260 _aVaranasi:
_bSanjay,
_c1983.
300 _a255p.
653 _aEast Indo-European & Celtic literatures
653 _aHindi literature
942 _cBK
999 _c7177
_d7177